[Event "NED-ch U20 op"]
[Site "Borne"]
[Date "2013.08.08"]
[Round "6"]
[White "Verhoef, Pieter"]
[Black "De Jongh, Adriaan"]
[Result "0-1"]
[WhiteElo "1804"]
[BlackElo "2251"]
[PlyCount "62"]
[EventDate "2013.08.05"]
[EventType "swiss"]
[EventRounds "9"]
[EventCountry "NED"]
[SourceTitle "EXT 2015"]
[Source "ChessBase"]
[SourceDate "2014.11.20"]
[SourceVersion "1"]
[SourceVersionDate "2014.11.20"]
[SourceQuality "1"]

1. e4 c5 2. Nc3 Nc6 3. f4 e6 4. Nf3 d5 5. Bb5 Nge7 6. exd5 exd5 7. Qe2 g6 8. Bxc6+ bxc6 9. Qe5 Rg8 10. 0-0 Bg7 11. Qe2 Kf8 12. d3 Bg4 13. h3 Bxf3 14. Qxf3 Nf5 15. Bd2 h5 16. Rae1 Qd6 17. b3 Bf6 18. Ne2 h4 19. Bc3 Kg7 20. Bxf6+ Qxf6 21. Kh2 Rh8 22. Qf2 d4 23. Rg1 Ne3 24. c3 Rae8 25. cxd4 cxd4 26. Rc1 Qd6 27. Qf3 c5 28. Rge1 Nd5 29. Kh1 Re3 30. Qg4 f5 31. Qg5 Rh5 0-1

[Event "NED-ch U20 op"]
[Site "Borne"]
[Date "2013.08.07"]
[Round "4"]
[White "Bakker, Jouke"]
[Black "De Jongh, Adriaan"]
[Result "1/2-1/2"]
[WhiteElo "1931"]
[BlackElo "2251"]
[PlyCount "144"]
[EventDate "2013.08.05"]
[EventType "swiss"]
[EventRounds "9"]
[EventCountry "NED"]
[SourceTitle "EXT 2015"]
[Source "ChessBase"]
[SourceDate "2014.11.20"]
[SourceVersion "1"]
[SourceVersionDate "2014.11.20"]
[SourceQuality "1"]

1. g3 f5 2. d4 Nf6 3. Bg2 g6 4. c4 Bg7 5. Nc3 d6 6. Nf3 0-0 7. Bf4 Nc6 8. Bd2 Ne4 9. e3 e5 10. 0-0 Nxd2 11. Qxd2 e4 12. Ne1 Bd7 13. Nc2 h5 14. f3 exf3 15. Bxf3 Bh6 16. Rae1 Kh7 17. Nd5 Ne7 18. Qg2 Nxd5 19. Bxd5 c6 20. Bf3 Qa5 21. a3 Rae8 22. e4 Bg7 23. b4 Qa4 24. Qd2 fxe4 25. Bxe4 Rxf1+ 26. Kxf1 Bh3+ 27. Kg1 Rxe4 28. Rxe4 Bf5 29. Re2 Qb3 30. Ne3 Be4 31. Qb2 Qxb2 32. Rxb2 Bxd4 33. Re2 Bd3 34. Re1 Bxc4 35. Kg2 Be6 36. Kf3 Kg7 37. Nc2 Be5 38. Nd4 Bd5+ 39. Ke3 Kf7 40. Nf3 Bb2 41. Ng5+ Ke7 42. Kd3+ Kd7 43. Ne4 b5 44. Nd2 Bxa3 45. Rb1 Kc7 46. Kc3 c5 47. bxc5 dxc5 48. Kd3 Bb4 49. Ne4 Bxe4+ 50. Kxe4 Kc6 51. Rf1 Bc3 52. Rf8 b4 53. Kd3 Kb5 54. Rb8+ Kc6 55. Kc4 Bd4 56. Rg8 a5 57. Rxg6+ Kb7 58. Kb3 Bc3 59. h3 c4+ 60. Kxc4 a4 61. g4 hxg4 62. hxg4 Kc7 63. Ra6 a3 64. g5 Kd7 65. Kb3 Ke7 66. g6 Kf8 67. Ra7 Kg8 68. Rxa3 bxa3 69. Kxc3 a2 70. Kb2 a1Q+ 71. Kxa1 Kg7 72. Kb2 Kxg6 1/2-1/2

[Event "NED-ch U20 op"]
[Site "Borne"]
[Date "2013.08.05"]
[Round "1"]
[White "De Jongh, Adriaan"]
[Black "Geene, Joris"]
[Result "1-0"]
[WhiteElo "2251"]
[BlackElo "1752"]
[PlyCount "73"]
[EventDate "2013.08.05"]
[EventType "swiss"]
[EventRounds "9"]
[EventCountry "NED"]
[SourceTitle "EXT 2015"]
[Source "ChessBase"]
[SourceDate "2014.11.20"]
[SourceVersion "1"]
[SourceVersionDate "2014.11.20"]
[SourceQuality "1"]

1. d4 Nf6 2. c4 g6 3. Nf3 Bg7 4. Nc3 d6 5. g3 0-0 6. Bg2 Nc6 7. 0-0 e5 8. d5 Ne7 9. e4 Nd7 10. Rb1 a5 11. a3 b6 12. b4 Ba6 13. Nb5 axb4 14. axb4 Bxb5 15. cxb5 Nf6 16. Qc2 Qd7 17. Qc4 Ra4 18. Bb2 Rfa8 19. Rfc1 R4a7 20. Rc3 Bh6 21. h3 Kf8 22. Bc1 Bxc1 23. Rbxc1 Kg7 24. Kh2 Rc8 25. R1c2 Rca8 26. Nd2 h5 27. h4 Ng4+ 28. Kg1 Ra1+ 29. Nf1 R1a7 30. Bh3 f5 31. exf5 gxf5 32. f3 Nf6 33. Ne3 Kh8 34. Qd3 Rg8 35. Kh2 e4 36. Qd4 Rg6 37. fxe4 1-0

[Event "NED-ch U20"]
[Site "Haarlem"]
[Date "2012.05.01"]
[Round "4"]
[White "Van der Lende, Ilias"]
[Black "De Jongh, Adriaan"]
[Result "1-0"]
[WhiteElo "2152"]
[BlackElo "2197"]
[PlyCount "29"]
[EventDate "2012.04.28"]
[EventType "swiss"]
[EventRounds "9"]
[EventCountry "NED"]
[SourceTitle "EXT 2013"]
[Source "ChessBase"]
[SourceDate "2012.11.22"]
[SourceVersion "1"]
[SourceVersionDate "2012.11.22"]
[SourceQuality "1"]

1. e4 c6 2. d4 d5 3. exd5 cxd5 4. c4 Nf6 5. Nc3 e6 6. Nf3 Be7 7. cxd5 Nxd5 8. Bd3 Nxc3 9. bxc3 0-0 10. 0-0 Qc7 11. Qe2 Nd7 12. c4 Re8 13. Re1 g6 14. Qe4 Nf6 15. Qh4 1-0

[Event "NED-ch U20"]
[Site "Haarlem"]
[Date "2012.04.29"]
[Round "2"]
[White "Maatman, Nick"]
[Black "De Jongh, Adriaan"]
[Result "1/2-1/2"]
[WhiteElo "2068"]
[BlackElo "2197"]
[PlyCount "99"]
[EventDate "2012.04.28"]
[EventType "swiss"]
[EventRounds "9"]
[EventCountry "NED"]
[SourceTitle "EXT 2013"]
[Source "ChessBase"]
[SourceDate "2012.11.22"]
[SourceVersion "1"]
[SourceVersionDate "2012.11.22"]
[SourceQuality "1"]

1. d4 d5 2. c4 dxc4 3. Nf3 a6 4. e3 Nf6 5. Bxc4 e6 6. 0-0 c5 7. dxc5 Bxc5 8. Qxd8+ Kxd8 9. Be2 Nc6 10. Rd1+ Ke7 11. Nbd2 Rd8 12. Ne1 Bd6 13. b3 b5 14. a4 Rb8 15. axb5 axb5 16. Bb2 Be5 17. Bxe5 Nxe5 18. Ndf3 Rxd1 19. Bxd1 Nc6 20. Nd3 Nd7 21. Kf1 Bb7 22. Ng5 h6 23. Ne4 Ra8 24. Rxa8 Bxa8 25. Nc3 Bb7 26. Bf3 b4 27. Bxc6 Bxc6 28. Nxb4 Bb7 29. Na4 g5 30. f3 f5 31. Kf2 Kd6 32. Nc2 e5 33. g3 Bd5 34. Na1 Nc5 35. Nxc5 Kxc5 36. f4 Kb4 37. Nc2+ Kxb3 38. Ne1 exf4 39. exf4 gxf4 40. Nd3 fxg3+ 41. Kxg3 Kc3 42. Ne5 Kd4 43. Kf4 Be6 44. Nf3+ Kd5 45. Nh4 Kd6 46. Nxf5+ Bxf5 47. Kxf5 Ke7 48. Kg6 Kf8 49. Kxh6 Kg8 50. h4 1/2-1/2

[Event "Borne Euro Chess op-A"]
[Site "Borne"]
[Date "2011.08.02"]
[Round "2"]
[White "De Jongh, Adriaan"]
[Black "Mostertman, Xander"]
[Result "1-0"]
[WhiteElo "2222"]
[BlackElo "1942"]
[PlyCount "58"]
[EventDate "2011.08.01"]
[EventType "swiss"]
[EventRounds "9"]
[EventCountry "NED"]
[SourceTitle "CBM 143 Extra"]
[Source "ChessBase"]
[SourceDate "2011.08.29"]
[SourceVersion "1"]
[SourceVersionDate "2011.08.29"]
[SourceQuality "1"]

1. e4 e6 2. d4 d5 3. Nc3 Bb4 4. e5 Ne7 5. a3 Bxc3+ 6. bxc3 c5 7. Qg4 0-0 8. Bd3 f5 9. exf6 Rxf6 10. Bg5 Nd7 11. Qh4 h6 12. Bxf6 Nxf6 13. Qg3 cxd4 14. cxd4 Qa5+ 15. Kf1 Bd7 16. Ne2 Rf8 17. Kg1 Bb5 18. h4 Nf5 19. Qe5 Re8 20. Rh3 Nd7 21. Qf4 Rf8 22. Bxf5 Rxf5 23. Qe3 Qa6 24. Ng3 Rf8 25. Re1 Re8 26. Nh5 e5 27. Rg3 Re7 28. Qf3 e4 29. Qf5 Bc4 1-0

[Event "Borne Euro Chess op-A"]
[Site "Borne"]
[Date "2011.08.02"]
[Round "3"]
[White "Pijpers, Arthur"]
[Black "De Jongh, Adriaan"]
[Result "1-0"]
[WhiteElo "2296"]
[BlackElo "2222"]
[PlyCount "99"]
[EventDate "2011.08.01"]
[EventType "swiss"]
[EventRounds "9"]
[EventCountry "NED"]
[SourceTitle "CBM 143 Extra"]
[Source "ChessBase"]
[SourceDate "2011.08.29"]
[SourceVersion "1"]
[SourceVersionDate "2011.08.29"]
[SourceQuality "1"]

1. e4 c6 2. d4 d5 3. e5 Bf5 4. Nc3 e6 5. g4 Bg6 6. Nge2 h5 7. Nf4 Bh7 8. g5 Bf5 9. Nxh5 c5 10. Ng3 cxd4 11. Nb5 Bh7 12. Nxd4 Nc6 13. Nxc6 bxc6 14. Qh5 Qb6 15. Bd3 Ne7 16. Bxh7 g6 17. Qh3 Qd4 18. f4 Nf5 19. c3 Qd3 20. Qf1 Qxf1+ 21. Kxf1 Rxh7 22. Nxf5 exf5 23. Be3 Rh3 24. Re1 Kd7 25. Kg2 Rh5 26. h4 Rb8 27. Re2 a5 28. Bf2 Ke6 29. Rc1 c5 30. c4 d4 31. Rd1 Be7 32. Rd3 a4 33. Ra3 Ra8 34. b3 Rhh8 35. bxa4 Rhb8 36. Rb3 Rc8 37. Rb6+ Kd7 38. e6+ fxe6 39. Rbxe6 Bd6 40. Rxg6 Rxa4 41. Rg7+ Kc6 42. h5 Rxc4 43. h6 Bxf4 44. h7 Rh8 45. g6 d3 46. Re6+ Bd6 47. Be3 Rg4+ 48. Kf3 Re4 49. Rxe4 fxe4+ 50. Kxe4 1-0

[Event "NED-ch op U18"]
[Site "Enschede"]
[Date "2010.08.14"]
[Round "9"]
[White "De Jongh, Adriaan"]
[Black "Lambrechts, Koen"]
[Result "1/2-1/2"]
[WhiteElo "2227"]
[BlackElo "2156"]
[PlyCount "35"]
[EventDate "2010.08.09"]
[EventType "swiss"]
[EventRounds "9"]
[EventCountry "NED"]
[SourceTitle "CBM 137 Extra"]
[Source "ChessBase"]
[SourceDate "2010.09.01"]
[SourceVersion "1"]
[SourceVersionDate "2010.09.01"]
[SourceQuality "1"]

1. e4 c6 2. d4 d5 3. Nc3 dxe4 4. Nxe4 Bf5 5. Ng3 Bg6 6. h4 h6 7. Nf3 Nd7 8. h5 Bh7 9. Bd3 Bxd3 10. Qxd3 e6 11. Bd2 Ngf6 12. 0-0-0 Be7 13. Kb1 c5 14. Ne4 0-0 15. c4 cxd4 16. Qxd4 Qc7 17. Nxf6+ Nxf6 18. Bf4 1/2-1/2

[Event "NED-ch op U18"]
[Site "Enschede"]
[Date "2010.08.11"]
[Round "5"]
[White "Hummel, Thomas"]
[Black "De Jongh, Adriaan"]
[Result "0-1"]
[WhiteElo "1950"]
[BlackElo "2227"]
[PlyCount "118"]
[EventDate "2010.08.09"]
[EventType "swiss"]
[EventRounds "9"]
[EventCountry "NED"]
[SourceTitle "CBM 137 Extra"]
[Source "ChessBase"]
[SourceDate "2010.09.01"]
[SourceVersion "1"]
[SourceVersionDate "2010.09.01"]
[SourceQuality "1"]

1. c4 e5 2. Nc3 Nf6 3. g3 Bb4 4. Bg2 0-0 5. e3 Re8 6. Nge2 Nc6 7. 0-0 d6 8. d4 Rb8 9. a3 Bxc3 10. Nxc3 Bg4 11. Qd3 Qd7 12. d5 Na5 13. b4 Nb3 14. Rb1 Nxc1 15. Rfxc1 b6 16. Rb2 Bh3 17. e4 Ra8 18. f3 h5 19. Qf1 Bxg2 20. Qxg2 h4 21. Rf2 g6 22. f4 hxg3 23. hxg3 Ng4 24. Qh3 Kg7 25. f5 Nf6 26. g4 Rh8 27. Qg3 g5 28. Rcc2 Rh4 29. Qe3 Nh7 30. Rh2 Rxg4+ 31. Rcg2 Rxg2+ 32. Kxg2 f6 33. Qh3 Kg8 34. Qh6 Qg7 35. Nb5 Qxh6 36. Rxh6 a6 37. Rg6+ Kh8 38. Nxc7 Rc8 39. Ne6 Rxc4 40. Nd8 Rc7 41. Ne6 Rf7 42. Nd8 Rd7 43. Ne6 a5 44. b5 Re7 45. a4 Rf7 46. Nd8 Rg7 47. Rxg7 Kxg7 48. Nb7 Nf8 49. Nxd6 Nd7 50. Nc4 Kf7 51. Kf3 Ke7 52. Kg4 Kd8 53. Kf3 Kc7 54. Kg4 Nc5 55. Kf3 Nxa4 56. Ne3 Nc5 57. Nc4 Nb7 58. Ke3 Nd6 59. Nb2 Nxb5 0-1

[Event "NED-ch op U18"]
[Site "Enschede"]
[Date "2010.08.09"]
[Round "1"]
[White "Lardinois, Wouter"]
[Black "De Jongh, Adriaan"]
[Result "0-1"]
[WhiteElo "1812"]
[BlackElo "2227"]
[PlyCount "48"]
[EventDate "2010.08.09"]
[EventType "swiss"]
[EventRounds "9"]
[EventCountry "NED"]
[SourceTitle "CBM 137 Extra"]
[Source "ChessBase"]
[SourceDate "2010.09.01"]
[SourceVersion "1"]
[SourceVersionDate "2010.09.01"]
[SourceQuality "1"]

1. e4 c5 2. Nc3 Nc6 3. f4 e6 4. Nf3 d5 5. e5 Nh6 6. d4 Nf5 7. Ne2 Qb6 8. c3 h5 9. b3 Bd7 10. Qd2 Rc8 11. Bb2 cxd4 12. Nexd4 Ncxd4 13. Nxd4 Nxd4 14. Qxd4 Bc5 15. Qd3 Bf2+ 16. Kd1 0-0 17. Qf3 g6 18. Bd3 Bc6 19. Rf1 Be3 20. Qg3 Kg7 21. Rf3 d4 22. c4 Bxf3+ 23. gxf3 Qb4 24. Bc1 Qc3 0-1

[Event "Hilversum op-A"]
[Site "Hilversum"]
[Date "2010.07.03"]
[Round "8"]
[White "Zimmermann, Luc"]
[Black "De Jongh, Adriaan"]
[Result "1/2-1/2"]
[WhiteElo "2057"]
[BlackElo "2227"]
[PlyCount "85"]
[EventDate "2010.06.26"]
[EventType "swiss"]
[EventRounds "9"]
[EventCountry "NED"]
[SourceTitle "CBM 137 Extra"]
[Source "ChessBase"]
[SourceDate "2010.09.01"]
[SourceVersion "1"]
[SourceVersionDate "2010.09.01"]
[SourceQuality "1"]

1. e4 c5 2. c3 Nf6 3. e5 Nd5 4. d4 cxd4 5. Nf3 e6 6. cxd4 d6 7. a3 Bd7 8. Bd3 Bc6 9. 0-0 Nd7 10. b4 a6 11. Re1 Be7 12. Nbd2 Qc7 13. Nc4 Nc3 14. Qb3 Bxf3 15. Qxc3 d5 16. gxf3 Rc8 17. Nd6+ Bxd6 18. Qd2 Be7 19. Bb2 0-0 20. Rac1 Qb8 21. Kh1 f5 22. Rg1 Kh8 23. b5 axb5 24. Bxb5 Nb6 25. Qe2 h6 26. f4 Rxc1 27. Rxc1 Rc8 28. Rg1 Qc7 29. Qh5 Bf8 30. Qg6 Qc2 31. Qxe6 Qxb2 32. Qxb6 Qxf2 33. Bf1 Rc1 34. Qd8 Qf3+ 35. Bg2 Rxg1+ 36. Kxg1 Qd1+ 37. Kf2 Qxd4+ 38. Kg3 Qe3+ 39. Bf3 Qxa3 40. Qxd5 g5 41. fxg5 hxg5 42. Qf7 g4 43. Qh5+ 1/2-1/2

[Event "Hilversum op-A"]
[Site "Hilversum"]
[Date "2010.06.30"]
[Round "5"]
[White "De Jongh, Adriaan"]
[Black "Nyzhnyk, Illya"]
[Result "0-1"]
[WhiteElo "2227"]
[BlackElo "2544"]
[PlyCount "50"]
[EventDate "2010.06.26"]
[EventType "swiss"]
[EventRounds "9"]
[EventCountry "NED"]
[SourceTitle "CBM 137 Extra"]
[Source "ChessBase"]
[SourceDate "2010.09.01"]
[SourceVersion "1"]
[SourceVersionDate "2010.09.01"]
[SourceQuality "1"]

1. e4 c5 2. Nf3 d6 3. d4 cxd4 4. Nxd4 Nf6 5. Nc3 a6 6. Be3 e5 7. Nf3 Qc7 8. a4 b6 9. Nd5 Nxd5 10. Qxd5 Nc6 11. Ng5 Rb8 12. Nxf7 Nb4 13. Qc4 Qxc4 14. Bxc4 d5 15. Bb3 Kxf7 16. 0-0-0 a5 17. f4 Bc5 18. Bxc5 bxc5 19. Bxd5+ Ke7 20. c3 Na6 21. Bc4 Nc7 22. fxe5 Be6 23. Bxe6 Nxe6 24. Rd6 c4 25. Rd5 Nf4 0-1

[Event "Hilversum op-A"]
[Site "Hilversum"]
[Date "2010.06.28"]
[Round "3"]
[White "De Jongh, Adriaan"]
[Black "De Visser, Arnold W"]
[Result "1-0"]
[WhiteElo "2227"]
[BlackElo "1883"]
[PlyCount "59"]
[EventDate "2010.06.26"]
[EventType "swiss"]
[EventRounds "9"]
[EventCountry "NED"]
[SourceTitle "CBM 137 Extra"]
[Source "ChessBase"]
[SourceDate "2010.09.01"]
[SourceVersion "1"]
[SourceVersionDate "2010.09.01"]
[SourceQuality "1"]

1. e4 d6 2. d4 Nf6 3. Nc3 e5 4. Nf3 Nbd7 5. Bc4 Be7 6. 0-0 c6 7. a4 a5 8. Ba2 0-0 9. Re1 Qc7 10. h3 Rb8 11. Qe2 exd4 12. Nxd4 Ne5 13. Be3 Re8 14. f4 Ng6 15. Qf3 Bf8 16. Rad1 c5 17. Ndb5 Qc6 18. Bf2 b6 19. Nd5 Be6 20. Nxf6+ gxf6 21. Bd5 Bxd5 22. Rxd5 Rbd8 23. Red1 Rd7 24. Bg3 f5 25. exf5 Ne7 26. Qg4+ Kh8 27. Rxd6 Rxd6 28. Nxd6 Ng6 29. Nxf7+ Kg7 30. fxg6 1-0

[Event "Hilversum op-A"]
[Site "Hilversum"]
[Date "2010.06.26"]
[Round "1"]
[White "De Jongh, Adriaan"]
[Black "Van de Peut, Aart A"]
[Result "1-0"]
[WhiteElo "2227"]
[BlackElo "1989"]
[PlyCount "84"]
[EventDate "2010.06.26"]
[EventType "swiss"]
[EventRounds "9"]
[EventCountry "NED"]
[SourceTitle "CBM 137 Extra"]
[Source "ChessBase"]
[SourceDate "2010.09.01"]
[SourceVersion "1"]
[SourceVersionDate "2010.09.01"]
[SourceQuality "1"]

1. e4 e6 2. d4 d5 3. Nc3 Bb4 4. e5 Ne7 5. a3 Bxc3+ 6. bxc3 c5 7. Qg4 Qc7 8. Qxg7 Rg8 9. Qxh7 cxd4 10. Ne2 Nbc6 11. f4 dxc3 12. Qd3 Bd7 13. Nxc3 a6 14. Ne2 Na7 15. Bd2 Bb5 16. Qc3 Qxc3 17. Nxc3 Bxf1 18. Kxf1 Nf5 19. Ne2 Rc8 20. Ra2 Rc4 21. Kf2 Nc6 22. Rb1 b5 23. c3 Ra4 24. h3 Kd7 25. g4 Nfe7 26. Be3 Rh8 27. Kg3 Ng6 28. Nd4 Nge7 29. Nb3 Rc4 30. Rc1 Kc7 31. a4 b4 32. Rac2 a5 33. cxb4 Rxc2 34. Rxc2 axb4 35. h4 Ra8 36. a5 Kd7 37. Rc5 Ra6 38. Rb5 Ke8 39. h5 Kf8 40. Bc5 Kg7 41. Bxe7 Nxe7 42. Rxb4 Nc6 1-0